00423nam a2200157Ia 4500008004100000020001800041041000800059082001600067100002300083245004200106250001100148260005500159300001000214500001800224650002300242260520s2023 xx 000 0 und d a9788192041346 amar a491.465/KHO aखोत, व भ aमराठी व्याकरण a1st ed aपुणेbचेतक बुक्स ,c2023 a144p. aCat No: 14886 aMARATHI LITERATURE